Among Us Mira HQ Rooms - Statistics

General Stats
  • This quiz has been taken 20 times
    18 since last reset
  • The average score is 9 of 14
Answer Stats
Answer % Correct
Admin
91%
Cafeteria
82%
Greenhouse
82%
MedBay
82%
Reactor
82%
Launchpad
73%
Locker Room
64%
Storage
64%
Balcony
55%
Communications
55%
Laboratory
55%
Office
55%
Decontamination
45%
Hallway
36%
No matching quizzes found
Score Distribution
Percent of People with Each Score
Percentile by Number Answered
Your Score History
You have not taken this quiz since the last reset